Записки дрянной девчонки-2: Роман

Détails bibliographiques
Auteur principal: Асламова Д. М. Дарья Михайловна
Résumé:Исключено из фонда НТБ ТПУ
Langue:russe
Publié: Москва, Центрполиграф, 1995
Format: Livre
KOHA link:https://koha.lib.tpu.ru/cgi-bin/koha/opac-detail.pl?biblionumber=2003

MARC

LEADER 00000nam0a2200000 4500
001 2003
005 20231030173531.0
010 |a 5700102013 
035 |a (RuTPU)RU\TPU\book\2012 
035 |a BOOK00000086 
090 |a 2003 
100 |a 20011209d1995 m y0rusy50 ca 
101 0 |a rus 
102 |a RU 
105 |a y z 000aa 
200 1 |a Записки дрянной девчонки-2  |e Роман  |f Д. М. Асламова 
210 |a Москва  |c Центрполиграф  |d 1995 
215 |a 287 с. 
333 |a Исключено из фонда НТБ ТПУ 
700 1 |a Асламова  |b Д. М.  |g Дарья Михайловна 
801 0 |a RU  |b 63413507  |c 20011209  |g PSBO 
801 2 |a RU  |b 63413507  |c 20211015  |g PSBO 
942 |c BK